Справочник по математике для научных работников и инженеров (Запис № 312626)

МАРК-запис
000 -LEADER
fixed length control field 00702nam a22002537a 4500
001 - CONTROL NUMBER
control field 26306
003 - CONTROL NUMBER IDENTIFIER
control field UA-OsUOA
005 - DATE AND TIME OF LATEST TRANSACTION
control field 20201227211224.0
007 - PHYSICAL DESCRIPTION FIXED FIELD--GENERAL INFORMATION
fixed length control field ta
008 - FIXED-LENGTH DATA ELEMENTS--GENERAL INFORMATION
fixed length control field 20040526b un ||||| |||| 00| 0 ukr d
040 ## - CATALOGING SOURCE
Original cataloging agency UA-OsUOA
Language of cataloging rus
Transcribing agency UA-OsUOA
Modifying agency UA-OsUOA
041 ## - LANGUAGE CODE
Language code of text/sound track or separate title rus
044 ## - COUNTRY OF PUBLISHING/PRODUCING ENTITY CODE
MARC country code RU
080 ## - UNIVERSAL DECIMAL CLASSIFICATION NUMBER
Universal Decimal Classification number 22.11
090 ## - LOCALLY ASSIGNED LC-TYPE CALL NUMBER (OCLC); LOCAL CALL NUMBER (OCLC)
Classification number (OCLC) (R) ; Classification number, CALL (RLIN) (NR) 22.11
Local cutter number (OCLC) ; Book number/undivided call number, CALL (RLIN) К67
100 ## - MAIN ENTRY--PERSONAL NAME
Personal name Корн Г.
245 ## - TITLE STATEMENT
Title Справочник по математике для научных работников и инженеров
260 ## - PUBLICATION, DISTRIBUTION, ETC. (IMPRINT)
Place of publication, distribution, etc Москва
Name of publisher, distributor, etc Наука
Date of publication, distribution, etc 1974
300 ## - PHYSICAL DESCRIPTION
Extent 832 с.
650 #7 - SUBJECT ADDED ENTRY--TOPICAL TERM
Source of heading or term UDC
942 ## - ADDED ENTRY ELEMENTS (KOHA)
Koha item type Книги
Source of classification or shelving scheme Universal Decimal Classification
955 ## - COPY-LEVEL INFORMATION (RLIN)
Classification number, CCAL (RLIN) інше
Фонди
Withdrawn status Lost status Source of classification or shelving scheme Damaged status Not for loan Home library Current library Date acquired Cost, normal purchase price Inventory number Total Checkouts Full call number Barcode Date last seen Price effective from Koha item type Source of acquisition Date checked out
    Universal Decimal Classification     ЧЗ - Читальна зала ЧЗ - Читальна зала 26/05/2004 17.20 68837   22.11 К67 68837 07/02/2022 26/05/2004 Книги    
    Universal Decimal Classification     ЧЗ - Читальна зала ЧЗ - Читальна зала 26/05/2004 17.20 68881   22.11 К67 68881 07/02/2022 26/05/2004 Книги    
    Universal Decimal Classification     ЧЗ - Читальна зала ЧЗ - Читальна зала 12/12/2005   87778 1 51(038) К67 87778 07/02/2022 12/12/2005 Книги 118/2005 18/07/2019